000 00725nam a2200193 a 4500
005 20240213063857.0
008 991125s1987 mx 000 0 spa u
035 _aUPN01000008964
049 _aAV
099 _aPVI H 0570
245 0 0 _aComo cuates.
260 _aMéxico :
_bCONACYT,
_c1987.
300 _a1 videocasete (VHS) (21 min.) :
_bson., col.
520 _aEs la historia de una familia que vive en una zona marginada de la Cd. México, en la cual predomina una creciente tendencia a la desintegración familiar;
520 _apropiciada principalmente por el carácter poco amable del padre de familia.
650 4 _aFamilias
_xConducta de vida
_99121
650 2 _aVida familiar
_912440
905 _aAudiovisuales
999 _c8964
_d8964